000
00324 a2200109 4500
001
ART_38604
005
20260410162011.0
008
260409a
245
1
0
_a
Las tasaciones técnicas como alternativa de valuación
100
1
_a
Accursi, Marcelo
773
0
_t
Anuario
_g
- Nº 3 (ene./abr. 1999)
_w
REV38525
999
_c
32231
_d
32231